Transforming Agriculture Transforming India (Record no. 200549)

MARC details
000 -LEADER
fixed length control field 00579nam a22001817a 4500
005 - DATE AND TIME OF LATEST TRANSACTION
control field 20240205141756.0
010 ## - LCCN (DPL NO)
LC control number ENG-139119
020 ## - INTERNATIONAL STANDARD BOOK NUMBER
International Standard Book Number 9789350800522
Terms of availability 2500.00
035 ## - SYSTEM CONTROL NUMBER
System control number EN-122651
037 ## - SOURCE OF ACQUISITION
Source of stock number/acquisition DBAD/PUB
082 ## - DEWEY DECIMAL CLASSIFICATION NUMBER
Classification number 338.10954
Edition number First Edition
100 ## - MAIN ENTRY--PERSONAL NAME
Personal name Pawar Sharad
245 ## - TITLE STATEMENT
Title Transforming Agriculture Transforming India
Statement of responsibility, etc Sharad Pawar
260 ## - PUBLICATION, DISTRIBUTION, ETC. (IMPRINT)
Place of publication, distribution, etc Pune
Name of publisher, distributor, etc Uthas Latkar Ameya Inspiring Books
Date of publication, distribution, etc 2014
270 ## - ADDRESS
City Pune
Address 207, Business Guild, Law College Road
Postal code 411004
300 ## - PHYSICAL DESCRIPTION
Extent 290p.
Dimensions 9cm(hb)
942 ## - ADDED ENTRY ELEMENTS (KOHA)
Source of classification or shelving scheme Dewey Decimal Classification
Item type English Books
Call number suffix PAW
Classification part 338.10954
Holdings
Withdrawn status Lost status Not for loan Collection code Home library Current library Date acquired Source of acquisition Cost, normal purchase price Full call number Barcode Copy number Cost, replacement price Koha item type
      Non-fiction Sarojini Nagar Sarojini Nagar 05/02/2024 DBAD/PUB 2500.00 338.10954 PAW EN-122651 1 2500.00 English Books

© Delhi Public Library
Hit Counter
free hit counter